000 00705nam a2200253Ia 4500
003 OSt
005 20220927105215.0
006 a|||||r|||| 00| 0
007 ta
008 220926b |||||||| |||| 00| 0 eng d
020 _a0631181156
024 _a168854
037 _cReference Collections
040 _aRTL
_cRTL
_beng
041 _2eng
_aeng
082 _a"X9(J).1.N9, N6"
100 _aMathias Ed.
_9370929
245 0 _aNature of Industrialization
260 _aOxford
_bBlackwell Publishers
_c1996
300 _a215p
_ccm.
700 _a Davis
_9370930
942 _h"X9(J).1.N9, N6"
_cCC
999 _c691189
_d691189